000
00202nam a22000857a 4500
008
170125b xxu||||| |||| 00| 0 eng d
100
_9
2565
_a
Chawla.A
245
_a
Inventions-2
260
_a
New delhi
_b
DP
_c
2010
999
_c
5672
_d
5672